Associe les titres d'albums à leur artiste VOL2 - Statistiques

Statistiques générales
  • Ce quiz a été pris 5 fois
  • Le résultat moyen est 6 sur 20
Statistiques - réponses
Hint Réponse % Correct
Nekfeu Cyborg
60%
Hoshi Coeur parapluie
40%
Les innocents Fous à lier
40%
Céline Dion Incognito
40%
Orelsan La fuite en avant
40%
David Guetta Listen
40%
Dorothée Nashville
40%
Kenza Farah Authentik
20%
Christophe Willem Caféine
20%
Da Silva Décembre en été
20%
Amel Bent Délit Mineur
20%
Marina Kaye Explicit
20%
Vianney Idées blanches
20%
Feu! Chatterton L'oiseleur
20%
Lujipeka Montagnes Russes
20%
Disiz Pacifique
20%
Jean-Louis Aubert PAFINI
20%
MIKA Que ta tête fleurisse toujours
20%
Zaz Sains et saufs
20%
Madame Monsieur Tandem
20%
Aucun quiz correspondant
Distribution des résultats
% des personnes avec chaque résultat
Percentile par nombre de réponses
Votre historique - résultats
Vous n’avez pas pris ce quiz